000 01028nam a2200217 i 4500
001 117943
003 ES-MaACL
005 20250910063116.0
007 t|
008 070214m19781983sp r ||||1| spa d
100 1 _aPeláez Redondo, Julio,
_d1915-2001
_9130961
245 1 0 _aManual de patología médica /
_cdirigida por Pelèz Redondo , A. Peña Yáñez.
250 _a[3ª ed.].
260 _aMadrid :
_bPaz montalvo,
_c1978-1983.
300 _a6 v. :
_bil ;
_c28 cm.
505 8 _aContiene: T. I. Respiratorio. Circulatorio. Riñón. Digestivo. Intoxicaciones. Agentes físicos. XV 1205 p.- T. II. Enfermedades del aparato circulatorio, 406 p.- T. III. Enfermedades del aparato digestivo, 676 p.- T. IV. Enfermedades del sistema nervioso, XII, 546 p.- T. V. Enfermedades de los riñones . 216 p.- T. VI. Enfermedades infecciosas y parasitarias. VIII, 450 p.
650 0 4 _aPatología.
_915884
700 1 _aPeña Yáñez, Arsacio.
_990294
852 _aES-MaACL
_jP-1929
_bR.98680
999 _c117943
_d117943